000 00827nam a22002777a 4500
001 BR4000024
003 BR-BrBNA
005 20230928082906.0
007 ta
008 230509b bl.||||| |||| 00| 0 por d
040 _aBR-BrBNA
_bpor
_cBiblioteca Nacional de Agricultura
041 _a(Por)
072 _aD50; F00
_b0312
090 _ 0312 BR4000024
100 1 _aGabrielli, B.
245 1 _aA questao da cera de Ouricury [legislacao, producao vegetal, palmeira oleaginosa]
260 3 _aSalvador, BA (Brasil):
_c1940.
300 _a78 p.
500 _aReprinted of "Memorial referente aos pleitos judiciaes que instauraram contra um odioso monopolio"
650 _aLEGISLACAO
650 _aOURICURI
650 _aPALMEIRA OLEAGINOSA
650 _aCERA
909 _a202309
_bLucia
_c55
_dLucia Elande
942 _cBK
999 _c10478
_d10478